000
00520nam a2200133Ia 4500
008
100328s9999 xx 000 0 und d
082
_b
60893
100
_a
गोडबोले अरुण.
245
_a
पाचूचे मॉरिशस, सोन्याची दुबई.
260
_b
कौशिक.
630
_a
पाचूचे मॉरिशस, सोन्याची दुबई.
730
_a
पाचूचे मॉरिशस, सोन्याची दुबई.
942
_c
BOOK
999
_c
547008
_d
547005